[Event "POL-ch Ekstraliga-A Rapid"]
[Site "Bydgoszcz"]
[Date "2022.03.12"]
[Round "7.2"]
[White "Robak, Zbigniew"]
[Black "Niedbala, Bartlomiej"]
[Result "0-1"]
[WhiteElo "2192"]
[BlackElo "2385"]
[PlyCount "74"]
[EventDate "2022.03.11"]
[EventType "team-tourn (rapid)"]
[EventRounds "10"]
[EventCountry "POL"]
[SourceTitle "CBM 207 Extra"]
[Source "ChessBase"]
[SourceDate "2022.05.31"]
[SourceVersion "1"]
[SourceVersionDate "2022.05.31"]
[SourceQuality "1"]
[WhiteTeam "Bydgoszcz Hetman"]
[BlackTeam "Jastrzebie Zdroj Pionier"]
[WhiteTeamCountry "POL"]
[BlackTeamCountry "POL"]

1. d4 d5 2. Nc3 Nf6 3. Bg5 Nbd7 4. Nf3 e6 5. e4 Bb4 6. e5 h6 7. exf6 hxg5 8. fxg7 Rg8 9. Qd3 Rxg7 10. h4 g4 11. Ne5 Nxe5 12. dxe5 Bd7 13. 0-0-0 Qe7 14. Kb1 0-0-0 15. Ne2 Rh8 16. Nd4 Rxh4 17. Be2 a6 18. g3 Rxh1 19. Rxh1 c5 20. Rh8+ Kc7 21. c3 cxd4 22. cxb4 Qxb4 23. Qc2+ Bc6 24. Qc1 Kb6 25. a3 Qc5 26. Qh6 Rg6 27. Qf4 Bb5 28. Bxb5 axb5 29. Qxf7 d3 30. Qxg6 Qc2+ 31. Ka1 Qc1+ 32. Ka2 Qc4+ 33. Kb1 Qc2+ 34. Ka1 Qc1+ 35. Ka2 d2 36. Qxe6+ Ka7 37. Qd6 Qc4+ 0-1

[Event "POL-chT 2nd League"]
[Site "Sypniewo"]
[Date "2021.09.04"]
[Round "1.6"]
[White "Samborski, Henryk"]
[Black "Robak, Zbigniew"]
[Result "1/2-1/2"]
[WhiteElo "2052"]
[BlackElo "2217"]
[PlyCount "45"]
[EventDate "2021.09.04"]
[EventType "team-swiss"]
[EventRounds "9"]
[EventCountry "POL"]
[SourceTitle "CBM 204 Extra"]
[Source "ChessBase"]
[SourceDate "2021.11.30"]
[SourceVersion "1"]
[SourceVersionDate "2021.11.30"]
[SourceQuality "1"]
[WhiteTeam "Rydultowy Ognisko"]
[BlackTeam "Bydgoszcz Hetman"]
[WhiteTeamCountry "POL"]
[BlackTeamCountry "POL"]

1. Nf3 d5 2. d4 e6 3. c4 c6 4. g3 Nf6 5. Bg2 Nbd7 6. 0-0 Be7 7. Nbd2 b6 8. b3 0-0 9. Bb2 Bb7 10. Ne5 c5 11. Nxd7 Qxd7 12. cxd5 Bxd5 13. dxc5 Bxg2 14. Kxg2 Rfd8 15. Nf3 Qb5 16. Qc2 Rac8 17. Rfd1 Rxc5 18. Rxd8+ Bxd8 19. Qd2 Rd5 20. Qc2 Rc5 21. Qd2 Rd5 22. Qc2 Rc5 23. Qd2 1/2-1/2

[Event "POL-chT 1st League"]
[Site "Poronin"]
[Date "2016.09.09"]
[Round "7.3"]
[White "Ciesla, Adam"]
[Black "Robak, Zbigniew"]
[Result "1/2-1/2"]
[WhiteElo "2291"]
[BlackElo "2204"]
[PlyCount "112"]
[EventDate "2016.09.03"]
[EventType "team-tourn"]
[EventRounds "9"]
[EventCountry "POL"]
[SourceTitle "CBM 174 Extra"]
[Source "ChessBase"]
[SourceDate "2016.10.10"]
[SourceVersion "1"]
[SourceVersionDate "2016.10.10"]
[SourceQuality "1"]
[WhiteTeam "Czestochowa Hetman"]
[BlackTeam "Znin Baszta"]
[WhiteTeamCountry "POL"]
[BlackTeamCountry "POL"]

1. e4 c5 2. Nf3 e6 3. d4 cxd4 4. Nxd4 a6 5. Nc3 Qc7 6. Bd3 Nf6 7. 0-0 Nc6 8. Be3 Nxd4 9. Bxd4 Bc5 10. Bxc5 Qxc5 11. a4 d6 12. a5 Bd7 13. Kh1 h5 14. Qe1 Bc6 15. f3 h4 16. Na4 Qd4 17. Qf2 Qxf2 18. Rxf2 Nd7 19. Rd2 Rd8 20. b4 h3 21. g3 Ne5 22. f4 Nxd3 23. cxd3 d5 24. e5 d4+ 25. Kg1 g5 26. Nc5 gxf4 27. gxf4 Rh4 28. Rf2 Ke7 29. Kf1 Rg8 30. Raa2 Rhg4 31. Rad2 Rg1+ 32. Ke2 Rb1 33. f5 exf5 34. Rxf5 Rg2+ 35. Rf2 Rg5 36. Rc2 Rxe5+ 37. Kd2 Rxb4 38. Nxa6 Rb1 39. Nc5 Ra1 40. Nb3 Ra4 41. Rf4 Rd5 42. Re4+ Kd6 43. Rh4 Bd7 44. Kc1 Be6 45. Rc4 Ra2 46. Rc2 Ra3 47. Nd2 Ra1+ 48. Kb2 Rh1 49. Ne4+ Ke7 50. Nc5 Rg1 51. Rh6 Rgg5 52. Nxe6 Rb5+ 53. Kc1 Rg1+ 54. Kd2 Rg2+ 55. Kc1 Rg1+ 56. Kd2 Rg2+ 1/2-1/2

[Event "POL-chT 1st League"]
[Site "Poronin"]
[Date "2016.09.07"]
[Round "5.4"]
[White "Reza, Wojciech"]
[Black "Robak, Zbigniew"]
[Result "1-0"]
[WhiteElo "2310"]
[BlackElo "2204"]
[PlyCount "83"]
[EventDate "2016.09.03"]
[EventType "team-tourn"]
[EventRounds "9"]
[EventCountry "POL"]
[SourceTitle "CBM 174 Extra"]
[Source "ChessBase"]
[SourceDate "2016.10.10"]
[SourceVersion "1"]
[SourceVersionDate "2016.10.10"]
[SourceQuality "1"]
[WhiteTeam "Gliwice Akademia Szachowa"]
[BlackTeam "Znin Baszta"]
[WhiteTeamCountry "POL"]
[BlackTeamCountry "POL"]

1. e4 d6 2. d4 Nf6 3. Nc3 g6 4. Nf3 Bg7 5. Be2 0-0 6. 0-0 Bg4 7. Be3 Nc6 8. d5 Nb8 9. Nd4 Bxe2 10. Qxe2 c6 11. Rad1 Qc8 12. h3 Nbd7 13. Nf3 Re8 14. Rfe1 Nb6 15. dxc6 bxc6 16. e5 dxe5 17. Nxe5 Nfd5 18. Bd4 f6 19. Nc4 Nf4 20. Qf1 Nbd5 21. Ne4 Ne6 22. Nc5 Nxc5 23. Bxc5 Qf5 24. Qd3 Qg5 25. Qf3 Bf8 26. Re6 Rad8 27. Rde1 Nf4 28. Be3 Qd5 29. Bxf4 Qxc4 30. Rxc6 Qxa2 31. b3 e5 32. Bg3 Qa5 33. c3 f5 34. Bh4 Rd2 35. b4 Qa2 36. g4 e4 37. Qf4 e3 38. Rxe3 Rd1+ 39. Kh2 Qb1 40. Qc4+ Kg7 41. Bf6+ Kh6 42. Qf4+ 1-0

[Event "POL-chT 1st League"]
[Site "Poronin"]
[Date "2016.09.04"]
[Round "2.1"]
[White "Robak, Zbigniew"]
[Black "Polok, Kacper"]
[Result "0-1"]
[WhiteElo "2204"]
[BlackElo "2299"]
[PlyCount "102"]
[EventDate "2016.09.03"]
[EventType "team-tourn"]
[EventRounds "9"]
[EventCountry "POL"]
[SourceTitle "CBM 174 Extra"]
[Source "ChessBase"]
[SourceDate "2016.10.10"]
[SourceVersion "1"]
[SourceVersionDate "2016.10.10"]
[SourceQuality "1"]
[WhiteTeam "Znin Baszta"]
[BlackTeam "Raciborz Silesia"]
[WhiteTeamCountry "POL"]
[BlackTeamCountry "POL"]

1. e4 e6 2. Nf3 d5 3. Nc3 d4 4. Ne2 c5 5. d3 Nc6 6. g3 Bd6 7. Bg2 Nge7 8. 0-0 f6 9. c3 e5 10. Qb3 Qb6 11. Qxb6 axb6 12. cxd4 cxd4 13. Bd2 Be6 14. a3 Na5 15. Bb4 Kd7 16. Bxd6 Kxd6 17. Nd2 Rhc8 18. Rac1 Rc6 19. h4 Rac8 20. Rxc6+ bxc6 21. Nc1 c5 22. b3 b5 23. f4 c4 24. fxe5+ fxe5 25. bxc4 bxc4 26. dxc4 Nxc4 27. Nxc4+ Bxc4 28. Rf3 Rb8 29. Bf1 Rb1 30. Bxc4 Rxc1+ 31. Bf1 Rc3 32. Kg2 Rxf3 33. Kxf3 Nc6 34. Bc4 Na5 35. Bg8 h6 36. Kg4 Kc5 37. Ba2 d3 38. Bb1 Kd4 39. Bxd3 Kxd3 40. Kf5 Kd4 41. g4 Nc6 42. Kg6 Kxe4 43. Kxg7 Kf4 44. g5 hxg5 45. h5 Ne7 46. Kf7 Nf5 47. a4 e4 48. a5 e3 49. a6 e2 50. a7 e1Q 51. a8Q Qe7+ 0-1

[Event "POL-chT 2nd League"]
[Site "Jastrzebia Gora"]
[Date "2015.09.05"]
[Round "1.16"]
[White "Robak, Zbigniew"]
[Black "Szustakowski, Antoni"]
[Result "1-0"]
[WhiteElo "2192"]
[BlackElo "2030"]
[PlyCount "57"]
[EventDate "2015.09.05"]
[EventType "team-swiss"]
[EventRounds "9"]
[EventCountry "POL"]
[SourceTitle "EXT 2017"]
[Source "ChessBase"]
[SourceDate "2016.10.25"]
[SourceVersion "1"]
[SourceVersionDate "2016.10.25"]
[SourceQuality "1"]
[WhiteTeam "Znin Baszta II"]
[BlackTeam "Zielonka Zieloni"]
[WhiteTeamCountry "POL"]
[BlackTeamCountry "POL"]

1. e4 e6 2. Nf3 d5 3. Nc3 Nf6 4. e5 Nfd7 5. d4 c5 6. dxc5 Nc6 7. Bf4 Bxc5 8. Bd3 f6 9. exf6 Nxf6 10. 0-0 0-0 11. Ne5 Bd7 12. Bg3 Nxe5 13. Bxe5 Bc6 14. Qe2 Qe7 15. Rae1 Rae8 16. Kh1 Nd7 17. Qh5 Rf5 18. Bxf5 exf5 19. f4 g6 20. Qd1 Qf7 21. Bd4 Rxe1 22. Rxe1 b6 23. a3 Bd6 24. Be5 Bxe5 25. fxe5 Qe6 26. Ne2 Qxe5 27. Nd4 Qc7 28. Re8+ Kf7 29. Qe1 1-0

[Event "POL-chT2"]
[Site "Poronin"]
[Date "2013.09.14"]
[Round "8.50"]
[White "Robak, Zbigniew"]
[Black "Kasperek, Ryszard"]
[Result "1/2-1/2"]
[WhiteElo "2246"]
[BlackElo "2210"]
[PlyCount "28"]
[EventDate "2013.09.06"]
[EventType "team-swiss"]
[EventRounds "9"]
[EventCountry "POL"]
[SourceTitle "EXT 2015"]
[Source "ChessBase"]
[SourceDate "2014.11.20"]
[SourceVersion "1"]
[SourceVersionDate "2014.11.20"]
[SourceQuality "1"]
[WhiteTeam "Znin Baszta II"]
[BlackTeam "Debica Gryf"]
[WhiteTeamCountry "POL"]
[BlackTeamCountry "POL"]

1. e4 c5 2. Nf3 e6 3. c3 Nf6 4. e5 Nd5 5. d4 cxd4 6. cxd4 b6 7. Nc3 Nxc3 8. bxc3 Qe7 9. Bd2 Bb7 10. Bd3 d6 11. 0-0 Nd7 12. Bf4 dxe5 13. Nxe5 Nxe5 14. Bxe5 Bc6 1/2-1/2

[Event "POL-chT 2nd League"]
[Site "Mrzezyno"]
[Date "2011.09.11"]
[Round "9.73"]
[White "Banasik, Krzysztof"]
[Black "Robak, Zbigniew"]
[Result "1-0"]
[WhiteElo "2241"]
[BlackElo "2245"]
[PlyCount "99"]
[EventDate "2011.09.03"]
[EventType "team-swiss"]
[EventRounds "9"]
[EventCountry "POL"]
[SourceTitle "EXT 2019"]
[Source "ChessBase"]
[SourceDate "2018.10.10"]
[SourceVersion "1"]
[SourceVersionDate "2018.10.10"]
[SourceQuality "1"]
[WhiteTeam "Prudnik LKS Zarzewie"]
[BlackTeam "Znin Baszta II"]
[WhiteTeamCountry "POL"]
[BlackTeamCountry "POL"]

1. e4 d6 2. Nc3 Nf6 3. g3 g6 4. Bg2 Bg7 5. d3 c6 6. h3 e5 7. Nge2 b5 8. a3 Bb7 9. 0-0 Nbd7 10. f4 Qb6+ 11. Kh1 a6 12. Qe1 0-0-0 13. Qf2 Qxf2 14. Rxf2 h6 15. Be3 Kb8 16. Raf1 Rhe8 17. g4 Nh7 18. fxe5 Nxe5 19. d4 Nc4 20. Bc1 f6 21. b3 Nb6 22. Be3 Nd7 23. Bf4 Kc7 24. Bg3 Nhf8 25. b4 Re7 26. a4 Nb6 27. axb5 cxb5 28. Rd1 Rc8 29. Nf4 Kd7 30. Ncd5 Bxd5 31. Nxd5 Nxd5 32. exd5 Rc3 33. Bh2 Ra3 34. Rf3 Ra2 35. Rc3 Re2 36. Bf1 Rexc2 37. Rxc2 Rxc2 38. Ra1 f5 39. Rxa6 Bxd4 40. Bxb5+ Ke7 41. Bxd6+ Kf7 42. Rc6 Rb2 43. Rc7+ Kf6 44. gxf5 Kg5 45. Bxf8 gxf5 46. Rc4 Be3 47. Be7+ Kg6 48. Be8+ Kg7 49. Rc6 f4 50. Bf6+ 1-0

[Event "POL-chT 2nd League"]
[Site "Mrzezyno"]
[Date "2011.09.08"]
[Round "6"]
[White "Bartkowiak, Damian"]
[Black "Robak, Zbigniew"]
[Result "1/2-1/2"]
[WhiteElo "2119"]
[BlackElo "2245"]
[PlyCount "61"]
[EventDate "2011.09.03"]
[EventType "team-swiss"]
[EventRounds "9"]
[EventCountry "POL"]
[SourceTitle "EXT 2015"]
[Source "ChessBase"]
[SourceDate "2014.11.20"]
[SourceVersion "1"]
[SourceVersionDate "2014.11.20"]
[SourceQuality "1"]
[WhiteTeam "Kornik MUKS Wieza Kornicka"]
[BlackTeam "Znin Baszta II"]
[WhiteTeamCountry "POL"]
[BlackTeamCountry "POL"]

1. d4 d5 2. Nf3 e6 3. c4 c6 4. Qc2 Nf6 5. Nbd2 Nbd7 6. g3 Be7 7. Bg2 0-0 8. 0-0 b6 9. Rd1 Bb7 10. e4 Rc8 11. e5 Ne8 12. b3 Nc7 13. Bb2 Qe8 14. Rac1 c5 15. h3 cxd4 16. Nxd4 Nxe5 17. Nxe6 fxe6 18. Bxe5 Ba3 19. Rb1 Bc5 20. Rf1 Rf5 21. Qb2 Qf8 22. Bd4 Ba3 23. Qa1 Ba6 24. Rfd1 Bb4 25. g4 Rf7 26. Rbc1 Rd8 27. Nf1 dxc4 28. bxc4 Ne8 29. Kh1 Rxd4 30. Qxd4 Bc8 31. Qd8 1/2-1/2

[Event "POL-chT 2nd League"]
[Site "Mrzezyno"]
[Date "2011.09.05"]
[Round "3.55"]
[White "Cyfka, Karina"]
[Black "Robak, Zbigniew"]
[Result "1-0"]
[WhiteElo "2353"]
[BlackElo "2245"]
[PlyCount "131"]
[EventDate "2011.09.03"]
[EventType "team-swiss"]
[EventRounds "9"]
[EventCountry "POL"]
[SourceTitle "EXT 2019"]
[Source "ChessBase"]
[SourceDate "2018.10.10"]
[SourceVersion "1"]
[SourceVersionDate "2018.10.10"]
[SourceQuality "1"]
[WhiteTeam "Rybnik MKSz"]
[BlackTeam "Znin Baszta II"]
[WhiteTeamCountry "POL"]
[BlackTeamCountry "POL"]

1. e4 d6 2. d4 Nf6 3. Bd3 e5 4. c3 d5 5. dxe5 Nxe4 6. Nf3 Nc6 7. Nbd2 Nc5 8. Bc2 Bg4 9. 0-0 d4 10. Qe1 d3 11. Bd1 a5 12. Qe3 Qd7 13. Nd4 Bxd1 14. Rxd1 0-0-0 15. N2f3 Be7 16. Bd2 g5 17. Nxc6 Qxc6 18. b4 Ne6 19. Nd4 Nxd4 20. cxd4 Qc4 21. bxa5 Qxd4 22. Qf3 Qd5 23. Qg4+ Qe6 24. Qe4 Qd5 25. Qa4 Qd4 26. Qb3 Qd5 27. Qb2 Bc5 28. Rac1 Bd4 29. Bc3 Rhe8 30. a6 b6 31. Bxd4 Qxd4 32. Qb5 Re6 33. g3 Rd5 34. a7 Rxb5 35. a8Q+ Kd7 36. Qf3 Rd5 37. Qxf7+ Re7 38. e6+ Kd6 39. Qf8 d2 40. Rc2 Qb4 41. Rcxd2 Rxd2 42. Rxd2+ Kxe6 43. Rd1 g4 44. a3 Qe4 45. Qg8+ Kf6 46. Qh8+ Kg6 47. Qg8+ Kf6 48. Rc1 Qe6 49. Qf8+ Kg6 50. Qf4 Rf7 51. Qd4 c5 52. Qd8 Qf5 53. Qxb6+ Rf6 54. Qxc5 Qxc5 55. Rxc5 Rf3 56. Ra5 Rb3 57. a4 Ra3 58. Kg2 Ra2 59. Ra8 h5 60. a5 Kg7 61. a6 Kh7 62. a7 Kg7 63. h3 Kh7 64. hxg4 hxg4 65. Kf1 Kg7 66. Rc8 1-0

[Event "POL-chT 2nd League"]
[Site "Mrzezyno"]
[Date "2011.09.04"]
[Round "2"]
[White "Robak, Zbigniew"]
[Black "Gumula, Daniel"]
[Result "1-0"]
[WhiteElo "2245"]
[BlackElo "2290"]
[PlyCount "51"]
[EventDate "2011.09.03"]
[EventType "team-swiss"]
[EventRounds "9"]
[EventCountry "POL"]
[SourceTitle "EXT 2015"]
[Source "ChessBase"]
[SourceDate "2014.11.20"]
[SourceVersion "1"]
[SourceVersionDate "2014.11.20"]
[SourceQuality "1"]
[WhiteTeam "Znin Baszta II"]
[BlackTeam "Jaworzno JKSz MCKiS"]
[WhiteTeamCountry "POL"]
[BlackTeamCountry "POL"]

1. e4 e5 2. Nf3 Nc6 3. Bb5 a6 4. Ba4 Nf6 5. d4 Nxe4 6. Qe2 b5 7. d5 bxa4 8. Qxe4 f5 9. Qxa4 e4 10. dxc6 exf3 11. 0-0 fxg2 12. Re1+ Kf7 13. Nc3 Rb8 14. Qc4+ Kg6 15. Re3 Bd6 16. Nd5 h6 17. Bd2 Kh7 18. Bc3 Qg5 19. f4 Qh5 20. Rg3 Bf8 21. Re1 Rb5 22. Re7 Qd1+ 23. Kxg2 Qxd5+ 24. Qxd5 Rxd5 25. Rgxg7+ Bxg7 26. Rxg7# 1-0

[Event "POL-chT 1st League"]
[Site "Katowice"]
[Date "2010.09.10"]
[Round "7"]
[White "Robak, Zbigniew"]
[Black "Gola, Karol"]
[Result "1-0"]
[WhiteElo "2278"]
[BlackElo "2211"]
[PlyCount "51"]
[EventDate "2010.09.04"]
[EventType "team-tourn"]
[EventRounds "9"]
[EventCountry "POL"]
[SourceTitle "EXT 2019"]
[Source "ChessBase"]
[SourceDate "2018.10.10"]
[SourceVersion "1"]
[SourceVersionDate "2018.10.10"]
[SourceQuality "1"]
[WhiteTeam "Znin Baszta"]
[BlackTeam "Gliwice Politechnika Slaska"]
[WhiteTeamCountry "POL"]
[BlackTeamCountry "POL"]

1. e4 c5 2. Nf3 e6 3. c3 Nf6 4. e5 Nd5 5. Bc4 d6 6. d4 cxd4 7. cxd4 Nc6 8. Qe2 Be7 9. 0-0 0-0 10. Nc3 Nxc3 11. bxc3 dxe5 12. dxe5 Qc7 13. Bd3 Rd8 14. Re1 b6 15. Bc2 Bb7 16. Ng5 h6 17. Qe4 Bxg5 18. Qh7+ Kf8 19. Ba3+ Ke8 20. Rad1 Rd2 21. h4 Rad8 22. Bd6 R8xd6 23. exd6 Qxd6 24. hxg5 hxg5 25. Qxg7 Ke7 26. Bb3 1-0

[Event "POL-chT 1st League"]
[Site "Katowice"]
[Date "2010.09.09"]
[Round "6"]
[White "Chalupnik, Marcin"]
[Black "Robak, Zbigniew"]
[Result "1/2-1/2"]
[WhiteElo "2247"]
[BlackElo "2278"]
[PlyCount "81"]
[EventDate "2010.09.04"]
[EventType "team-tourn"]
[EventRounds "9"]
[EventCountry "POL"]
[SourceTitle "EXT 2019"]
[Source "ChessBase"]
[SourceDate "2018.10.10"]
[SourceVersion "1"]
[SourceVersionDate "2018.10.10"]
[SourceQuality "1"]
[WhiteTeam "Warszawa YMCA"]
[BlackTeam "Znin Baszta"]
[WhiteTeamCountry "POL"]
[BlackTeamCountry "POL"]

1. e4 d6 2. d4 Nf6 3. Nc3 g6 4. Be3 c6 5. Qd2 b5 6. Bd3 Nbd7 7. Nge2 e5 8. 0-0 b4 9. Nd1 exd4 10. Nxd4 c5 11. Ne2 Bb7 12. f3 Bg7 13. c4 bxc3 14. Ndxc3 0-0 15. Nf4 Ne5 16. Rfd1 Qe7 17. Bf1 Rfd8 18. Rac1 g5 19. Nfd5 Bxd5 20. Nxd5 Nxd5 21. Qxd5 Rab8 22. Rc2 Bf6 23. Rcd2 Ng6 24. b3 Nf4 25. Bxf4 gxf4 26. Bc4 Bc3 27. Rc2 Bd4+ 28. Kh1 Qf6 29. Qh5 Re8 30. g3 fxg3 31. Rg2 Be5 32. hxg3 Qg6 33. Qh3 Bd4 34. Rh2 Rb7 35. Bd3 Qg7 36. e5 Bxe5 37. Bxh7+ Kf8 38. Be4 Rc7 39. Kg2 c4 40. bxc4 Rxc4 41. Rd2 1/2-1/2

[Event "POL-chT 1st League"]
[Site "Katowice"]
[Date "2010.09.04"]
[Round "1"]
[White "Robak, Zbigniew"]
[Black "Wlodarczyk, Oskar"]
[Result "1/2-1/2"]
[WhiteElo "2278"]
[BlackElo "2318"]
[PlyCount "59"]
[EventDate "2010.09.04"]
[EventType "team-tourn"]
[EventRounds "9"]
[EventCountry "POL"]
[SourceTitle "EXT 2019"]
[Source "ChessBase"]
[SourceDate "2018.10.10"]
[SourceVersion "1"]
[SourceVersionDate "2018.10.10"]
[SourceQuality "1"]
[WhiteTeam "Znin Baszta"]
[BlackTeam "Ostrow Wielkopolski"]
[WhiteTeamCountry "POL"]
[BlackTeamCountry "POL"]

1. e4 e5 2. Nf3 Nf6 3. d4 Nxe4 4. Bd3 d5 5. Nxe5 Nd7 6. Nc3 Nxc3 7. bxc3 Nxe5 8. dxe5 Qh4 9. 0-0 Bc5 10. Bb5+ c6 11. Qxd5 0-0 12. Qxc5 cxb5 13. Qxb5 b6 14. Rb1 Bf5 15. Qe2 Qe4 16. a3 Rac8 17. Rb4 Qxc2 18. Qxc2 Bxc2 19. Bb2 Bd3 20. Re1 Bc4 21. Bc1 Rfe8 22. f4 Red8 23. Be3 Rd3 24. Bd4 Rd2 25. Re3 Rd1+ 26. Kf2 Rd2+ 27. Kg1 Rd1+ 28. Kf2 Rd2+ 29. Kg1 Rd1+ 30. Kf2 1/2-1/2

[Event "Rewal op-A 15th"]
[Site "Rewal"]
[Date "2010.08.28"]
[Round "9"]
[White "Robak, Zbigniew"]
[Black "Motyl, Tomasz"]
[Result "1-0"]
[WhiteElo "2278"]
[BlackElo "2015"]
[PlyCount "81"]
[EventDate "2010.08.19"]
[EventType "swiss"]
[EventRounds "9"]
[EventCountry "POL"]
[SourceTitle "EXT 2013"]
[Source "ChessBase"]
[SourceDate "2012.11.22"]
[SourceVersion "1"]
[SourceVersionDate "2012.11.22"]
[SourceQuality "1"]

1. e4 g6 2. d4 d6 3. c3 Nf6 4. Nd2 e5 5. dxe5 dxe5 6. Ngf3 Nbd7 7. Bc4 Bh6 8. h4 Nb6 9. Bb3 0-0 10. h5 Nxh5 11. Nxe5 Qe7 12. Rxh5 gxh5 13. Qxh5 Qg5 14. Bxf7+ Kg7 15. Nb3 Qxh5 16. Bxh5 Bxc1 17. Rxc1 Nd7 18. Nxd7 Bxd7 19. Nc5 Bc8 20. Rd1 b6 21. Nb3 c5 22. Nc1 Ba6 23. Rd7+ Kh6 24. g4 Bb5 25. Rd6+ Kg5 26. Ne2 Bxe2 27. Kxe2 Rad8 28. Re6 Rd7 29. Ke3 Rfd8 30. Re5+ Kf6 31. Kf4 Kg7 32. g5 Rf8+ 33. Ke3 Rfd8 34. Be2 Rd2 35. Re7+ Kg6 36. f4 R8d7 37. Re6+ Kg7 38. f5 Rxb2 39. Bh5 Rd8 40. f6+ Kf8 41. f7 1-0